Kaplan & Sadock's synopsis of psychiatry : (Record no. 62208)
[ view plain ]
| 000 -الفاتح | |
|---|---|
| حقل البيانات ثابتة الطول | 01731cam a2200337 i 4500 |
| 005 - وقت وتاريخ اخر تعامل مع التسجيلة | |
| رقم الضبط | 20240530110538.0 |
| 008 - عناصر البيانات ثابتة الطول - معلومات عامة | |
| حقل البيانات ثابتة الطول | 140602s2015 paua f b 001 0 eng |
| 020 ## - الرقم الدولى المعيارى للكتب | |
| الرقم الدولى المعيارى للكتاب | 9781451194340 |
| 020 ## - الرقم الدولى المعيارى للكتب | |
| الرقم الدولى المعيارى للكتاب | 145119434X |
| 035 ## - رقم ضبط النظام | |
| رقم ضبط النظام | (DNLM)101633736 |
| 040 ## - مصدر الفهرسة | |
| وكالة الفهرسة الأصلية | DNLM/DLC |
| وكالة النسخ | DLC |
| قواعد الوصف | rda |
| وكالة التعديل | DLC |
| 082 04 - رقم تصنيف ديوى العشرى | |
| رقم التصنيف | 616.89 / |
| رقم المادة | S K |
| رقم الطبعة | 21 |
| 100 1# - المدخل الرئيسى - إسم شخصى | |
| الإسم الشخصى | Sadock, Benjamin J., |
| التواريخ المصاحبة للاسم | 1933- |
| 245 10 - بيان العنوان | |
| العنوان | Kaplan & Sadock's synopsis of psychiatry : |
| بقية العنوان | behavioral sciences/clinical psychiatry / |
| بيان المسئوليه,etc | Benjamin James Sadock, Virginia Alcott Sadock, Pedro Ruiz. |
| 246 1# - العنوان الموازى | |
| عنوان صحيح/عنوان مختصر | Kaplan and Sadock's synopsis of psychiatry |
| 246 1# - العنوان الموازى | |
| عنوان صحيح/عنوان مختصر | Synopsis of psychiatry |
| 250 ## - بيان الطبعة | |
| بيان الطبعة | 11th ed. / |
| بقية بيان الطبعة | Benjamin James Sadock, Virginia Alcott Sadock, Pedro Ruiz. |
| 260 ## - PUBLICATION, DISTRIBUTION, ETC. (IMPRINT) | |
| تاريخ النشر أو التوزيع | c2015. |
| 300 ## - الوصف المادى | |
| التعداد | xvi, 1472 p.: |
| تفاصيل ماديه اخرى للوعاء | ill. ; |
| أبعاد الوعاء | 27 cm. |
| 500 ## - تبصرة عامة | |
| تبصرة عامة | Preceded by Kaplan & Sadock's synopsis of psychiatry / Benjamin James Sadock, Virginia Alcott Sadock. 10th ed. 2007. |
| 504 ## - تبصرة ببليوجرافية | |
| تبصرة ببليوجرافية,الخ | Includes bibliographical references and index. |
| 650 04 - المدخل الاضافى بالموضوع-مصطلح موضوعى | |
| مصطلح موضوعي | Mental Disorders. |
| 700 1# - المدخل الاضافى - اسم شخصى | |
| الإسم الشخصى | Sadock, Virginia A., |
| الدور | author. |
| 700 1# - المدخل الاضافى - اسم شخصى | |
| الإسم الشخصى | Ruiz, Pedro, |
| التواريخ المصاحبة للاسم | 1936- |
| الدور | author. |
| 942 ## - عناصر المدخل الإضافي( كوها) | |
| مصدر التصنيف او مخطط الترفيف | Dewey Decimal Classification |
| Koha [default] item type | كتاب |
| 260 ## - PUBLICATION, DISTRIBUTION, ETC. (IMPRINT) | |
| -- | Philadelphia : |
| -- | Wolters Kluwer, |
| 520 ## - التبصرة الخاصة بالتعليق أو التلخيص | |
| ملخص,الخ | "The goal of this book is to foster professional competence and ensure the highest quality care to those with mental illness. An eclectic, multidisciplinary approach has been its hallmark; thus, biological, psychological, and sociological factors are equitably presented as they affect the person in health and disease"-- |
| 906 ## - عنصر بيانات محلى F, LDF (RLIN) | |
| a | 7 |
| b | cbc |
| c | orignew |
| d | 1 |
| e | ecip |
| f | 20 |
| g | y-gencatlg |
| حالة التراجع | حالة الفقد | حالة تلف | ليس للاعارة | المكان المؤقت | الموقع الحالى | تاريخ الاكتساب | اجمالي اﻻعارات | رقم الطلب | الباركود | تاريخ اخر مشاهدة | تاريخ تفعيل السعر | نوع وعاء كوها |
|---|---|---|---|---|---|---|---|---|---|---|---|---|
| مكتبة القاهرة الكبرى | مكتبة القاهرة الكبرى | 05/03/2016 | 616.89 / S K | 161865 | 05/03/2016 | 05/03/2016 | كتاب |

